Управление персоналом в гостиничном менеджменте: учебное пособие для бакалавров

Detaylı Bibliyografya
Yazar: Макринова Е. И. Елена Игоревна
Diğer Yazarlar: Васильев А. Г. Андрей Германович, Васильева А. С. Анастасия Сергеевна
Özet:В предлагаемом учебном пособии изложены подходы к построению системы управления персоналом в гостиничном менеджменте. Особое внимание уделено роли человеческого фактора в гостиничной деятельности и построению эффективной кадровой политики. Авторами рассматриваются вопросы создания корпоративной культуры, мотивации и контроля деятельности сотрудников гостиниц на основе реализации внутренних стандартов обслуживания, выбора эффективных методов обучения и развития персонала, планирования карьеры, предлагаются практические решения и примеры. Учебное пособие предназначено для студентов направления подготовки «Гостиничное дело», а также будет интересно аспирантам, управляющим отелей, руководителям различных предприятий индустрии гостеприимства.
Dil:Rusça
Baskı/Yayın Bilgisi: Санкт-Петербург, Троицкий мост, 2013
Seri Bilgileri:Учебное пособие
Konular:
Materyal Türü: Kitap
KOHA link:https://koha.lib.tpu.ru/cgi-bin/koha/opac-detail.pl?biblionumber=233303

MARC

LEADER 00000nam0a2200000 4500
001 233303
005 20231101231234.0
010 |a 97854377 00204 
035 |a (RuTPU)RU\TPU\book\254379 
090 |a 233303 
100 |a 20130301d2013 m y0rusy50 ca 
101 0 |a rus 
102 |a RU 
105 |a a j 001zy 
200 1 |a Управление персоналом в гостиничном менеджменте  |e учебное пособие для бакалавров  |f Е. И. Макринова, А. Г. Васильев, А. С. Васильева 
210 |a Санкт-Петербург  |c Троицкий мост  |d 2013 
215 |a 206 с.  |c ил. 
225 1 |a Учебное пособие 
320 |a Библиогр.: с. 173-176. 
330 |a В предлагаемом учебном пособии изложены подходы к построению системы управления персоналом в гостиничном менеджменте. Особое внимание уделено роли человеческого фактора в гостиничной деятельности и построению эффективной кадровой политики. Авторами рассматриваются вопросы создания корпоративной культуры, мотивации и контроля деятельности сотрудников гостиниц на основе реализации внутренних стандартов обслуживания, выбора эффективных методов обучения и развития персонала, планирования карьеры, предлагаются практические решения и примеры. Учебное пособие предназначено для студентов направления подготовки «Гостиничное дело», а также будет интересно аспирантам, управляющим отелей, руководителям различных предприятий индустрии гостеприимства. 
606 1 |a Гостиничный бизнес  |x Экономика  |2 stltpush  |3 (RuTPU)RU\TPU\subj\36058  |9 57573 
610 1 |a гостиницы 
610 1 |a гостиничная деятельность 
610 1 |a гостиничное хозяйство 
610 1 |a гостиничные службы 
610 1 |a гостиничный менеджмент 
610 1 |a персонал 
610 1 |a персонал-технологии 
610 1 |a кадры 
610 1 |a корпоративная культура 
610 1 |a человеческий фактор 
610 1 |a обучение 
610 1 |a развитие 
610 1 |a мотивация 
610 1 |a оценка 
610 1 |a учебные пособия 
686 |a У9(2)43я73  |v LBC/SL-A  |2 rubbk 
700 1 |a Макринова  |b Е. И.  |g Елена Игоревна 
701 1 |a Васильев  |b А. Г.  |g Андрей Германович 
701 1 |a Васильева  |b А. С.  |g Анастасия Сергеевна 
801 1 |a RU  |b 63413507  |c 20130301 
801 2 |a RU  |b 63413507  |c 20150602  |g RCR 
900 |a Управление персоналом 
942 |c BK 
951 |b 101100 
959 |a 49/20130301  |d 2  |e 340,00  |f ЧЗГЛ:1  |f АНЛ:1